Mots-codes à trouver #2 - Statistiques

Statistiques générales
  • Ce quiz a été pris 153 fois
  • Le résultat moyen est 14 sur 22
Statistiques - réponses
Hint Réponse % Correct
PEAU / TROUPEAU / CUIR / CORNE / CLOCHE / LAIT Vache
92%
SECOND / ANGLE / TEMPÉRATURE / GRAVITE / LATITUDE / CELSIUS Degré
86%
EFFET / COUTEAU / NŒUD / NAGE / CHENILLE / AILE Papillon
80%
COULEUR / MINE / PAPIER / TRAIT / TAILLE / PORTE Crayon
76%
BOIS / HEURE / TUBE / GLUE / POT / BLANCHE Colle
73%
EAU / FLEUR / FLACON / COFFRET / ODEUR / NEZ Parfum
73%
NUMÉRO / FIN / TÊTE / TUEUR / BRANCHEMENT / ÉPISODE Série
73%
FRAPPE / AGE / NATURE / CENTRIFUGE / AGE / CAMISOLE Force
69%
NAISSANCE / VIN / ROUSSEUR / FAIRE / TRAVAIL / INDÉLÉBILE Tache
67%
ARBRE / LUNETTES / TREMPE / CRISTAL / BOUTEILLE / TRANSPARENT Verre
67%
SILENCE / REVEIL / STATION / POSTE / FREQUENCE / ANTENNE Radio
63%
PLUIE / ROSÉE / COMPTE / SUEUR / FROIDE / EAU Goutte
60%
SERRE / ANNONCE / BOULE DE NEIGE / SECONDAIRE / PERSONNEL / PAPILLON Effet
58%
ÉTENDUE / MER / RIVAGE / SABLE / VACANCES / PISCINE Plage
58%
CHEVEUX / NID / GARDIEN / AILES / FILS / AUREOLE Ange
57%
CHAGRIN / OURS / CUIR / BANANE / CICATRICE / VACHE Peau
57%
CHAUD / MOUSSE / PAIN / CARRE / BLANC / ŒUF Chocolat
56%
SAUT / OREILLE / CHIEN / INSECTE / ELECTRONIQUE / CARTE Puce
51%
CHEVEU / BOIS / POCHE / VIPÈRE / BŒUF / PAYS Langue
50%
ÉCLAIR / POINTE / RAPIDITÉ / NŒUD / LIMITE / LUMIÈRE Vitesse
49%
CHANSON / MOULIN / MUET / TENIR / PORTE / PRENDRE Parole
30%
RELAIS / MARIAGE / PROCÈS / À CHARGE / MAISON / LUMINEUX Témoin
22%
Aucun quiz correspondant
Distribution des résultats
% des personnes avec chaque résultat
Percentile par nombre de réponses
Votre historique - résultats
Vous n’avez pas pris ce quiz